000
00298 a2200145 4500
001
169202
020
_a
040
_c
Magnum
100
_a
Garding, Lars
240
1
0
_a
Encontro com a matematica
_l
por
245
1
0
_a
Encontro com a matematica
362
0
_a
1899
697
_a
GERAL
942
_c
BK
999
_c
169202
_d
169202